De una afrenta dos venganzas (Record no. 152541)

MARC details
000 -LEADER
campo de control de longitud fija 01238nam a22002895i 4500
001 - NÚMERO DE CONTROL
campo de control 152541
003 - IDENTIFICADOR DE NÚMERO DE CONTROL
campo de control ES-MaACL
005 - FECHA Y HORA DE LA ÚLTIMA TRANSACCIÓN
campo de control 20251005063119.0
008 - DATOS DE LONGITUD FIJA--INFORMACIÓN GENERAL
campo de control de longitud fija 040927q18421944sp |||| | spa d
040 ## - FUENTE DE CATALOGACIÓN
Centro catalogador/agencia de origen CAM
Lengua de catalogación spa
Centro/agencia transcriptor CAM
080 ## - NÚMERO DE LA CLASIFICACIÓN DECIMAL UNIVERSAL
Número de la Clasificación Decimal Universal 821.133.1-23"18"
100 1# - ENTRADA PRINCIPAL--NOMBRE DE PERSONA
Nombre de persona Anicet Bourgeois, Auguste,
Fechas asociadas al nombre 1806-1871
9 (RLIN) 30979
245 10 - MENCIÓN DEL TÍTULO
Título De una afrenta dos venganzas
Resto del título : drama en cinco actos /
Mención de responsabilidad, etc. escrito en francés por Anicet y Lockroi ; arreglado á la escena española por C.G. Doncel y L. Valladares.
260 ## - PUBLICACIÓN, DISTRIBUCIÓN, ETC.
Lugar de publicación, distribución, etc. Madrid :
Nombre del editor, distribuidor, etc. [s.n.,
Fecha de publicación, distribución, etc. 1843?] (
Fabricante Imp. de Joaquín Merás y Compañía)
300 ## - DESCRIPCIÓN FÍSICA
Extensión 43 p. ;
Dimensiones 25 cm.
490 1# - MENCIÓN DE SERIE
Mención de serie Museo dramático
500 ## - NOTA GENERAL
Nota general Representado por primera vez en Madrid en el Teatro de la Cruz el dia 26 de mayo de 1843.
594 ## - Nota al título y mención de responsabilidad
Nota al título y mención de responsabilidad Tít. y autor tomados de principio de texto.
596 ## - NOTA AL PIE DE IMPRENTA
NOTA AL PIE DE IMPRENTA Según Palau el Museo dramático se imprime entre 1842-1844.
597 ## - NOTA DE DESCRIPCIÓN FÍSICA
NOTA DE DESCRIPCIÓN FÍSICA Texto a dos col.
700 1# - ENTRADA AGREGADA--NOMBRE PERSONAL
Nombre de persona Lockroi.
9 (RLIN) 129029
700 1# - ENTRADA AGREGADA--NOMBRE PERSONAL
Nombre de persona García Doncel, Carlos.
9 (RLIN) 126826
700 1# - ENTRADA AGREGADA--NOMBRE PERSONAL
Nombre de persona Valladares y Garriga, Luis.
9 (RLIN) 146753
830 0# - PUNTO DE ACCESO ADICIONAL DE SERIE-TÍTULO UNIFORME
Título uniforme Museo dramático
9 (RLIN) 187645
852 ## - LOCALIZACIÓN
Ubicación ES-MaACL
Número de control de estantería F-7489
Nota libre -- Enc. hol.
condición física -- Falto de la cub. original
Nota libre -- Enc. en un vol. facticio
Holdings
Estatus retirado Estado de pérdida Estado de daño No para préstamo Colección Biblioteca de origen Biblioteca actual Ubicación en estantería Fecha de adquisición Fuente de adquisición Total de préstamos Signatura topográfica completa Código de barras Visto por última vez Precio de reemplazo Tipo de ítem Koha
        Libros del s. XIX Biblioteca del Ateneo de Madrid Biblioteca del Ateneo de Madrid Depósito 2 17/01/2008     F-7489 1159287 23/02/2023 23/02/2023 Libro impreso antiguo